Why my third husband will be a dog : (Record no. 83766)
[ view plain ]
| 000 -LEADER | |
|---|---|
| fixed length control field | 00579nam a22001817a 4500 |
| 005 - DATE AND TIME OF LATEST TRANSACTION | |
| control field | 20140715123114.0 |
| 010 ## - LCCN (DPL NO) | |
| LC control number | ENG-109886 |
| 020 ## - INTERNATIONAL STANDARD BOOK NUMBER | |
| International Standard Book Number | 9788184982657 |
| Terms of availability | 400.00 |
| 035 ## - SYSTEM CONTROL NUMBER | |
| System control number | EN-93419 |
| 037 ## - SOURCE OF ACQUISITION | |
| Source of stock number/acquisition | DBAD/PUB |
| 082 ## - DEWEY DECIMAL CLASSIFICATION NUMBER | |
| Classification number | 887 |
| 100 ## - MAIN ENTRY--PERSONAL NAME | |
| Personal name | Scottoline, Lisa |
| 245 00 - TITLE STATEMENT | |
| Title | Why my third husband will be a dog : |
| Statement of responsibility, etc | by Lisa Scottoline |
| Remainder of title | the amazing adventures of an ordinary woman / |
| 260 ## - PUBLICATION, DISTRIBUTION, ETC. (IMPRINT) | |
| Place of publication, distribution, etc | Pune |
| Name of publisher, distributor, etc | Mehta Publishing House |
| Date of publication, distribution, etc | 2011 |
| 270 ## - ADDRESS | |
| Address | 1941, Sadashiv Peth, Mediwalie Colony |
| City | Pune |
| Postal code | 411030 |
| 300 ## - PHYSICAL DESCRIPTION | |
| Extent | 288p. |
| Dimensions | 22cm(pbk) |
| 942 ## - ADDED ENTRY ELEMENTS (KOHA) | |
| Source of classification or shelving scheme | Dewey Decimal Classification |
| Item type | English Books |
| Call number suffix | SCO |
| Classification part | 887 |
| Withdrawn status | Lost status | Not for loan | Collection code | Home library | Current library | Date acquired | Source of acquisition | Cost, normal purchase price | Full call number | Barcode | Copy number | Cost, replacement price | Koha item type |
|---|---|---|---|---|---|---|---|---|---|---|---|---|---|
| Not For Loan | Non-fiction | D.B.Act.Division | D.B.Act.Division | 25/04/2014 | DBAD / PUB | 400.00 | 887 SCO | EN-93419 | 1 | 400.00 | English Books |
